[Event "Michigan Amateur"]
[Site "Kalamazoo, MI"]
[Date "2001.07.28"]
[Round "1.3"]
[White "Newhouse, Gregory"]
[Black "Skidmore, Jennifer"]
[Result "0-1"]
[WhiteElo "1385"]
[BlackElo "1913"]
[Annotator "Jeff Aldrich"]
[PlyCount "64"]
[EventDate "2001.07.28"]

{Italian: Semi-Italian} 1. e4 e5 2. Nf3 Nc6 3. Bc4 d6 4. d4 exd4 5. Nxd4 Ne5 6.
Bb3 Nf6 7. Nc3 Be7 8. O-O O-O 9. f4 Ng6 10. Qe1 Re8 11. Bd2 Bf8 12. f5 Ne5 13.
Nf3 c6 14. Nxe5 Rxe5 15. Bf4 Re8 16. Rd1 Bxf5 17. e5 Ng4 18. Qg3 Qb6+ {
Tempting, but probably not a good idea. The f2 square is too well guarded for
any smother mate ideas.} 19. Kh1 dxe5 20. Bc1 Bc5 21. Bxf7+ ({Nice, but
cleaner is} 21. Rxf5 Nf2+ 22. Rxf2 Bxf2 23. Qf3 {threating both Na4 and Bxf7+.}
) 21... Kh8 22. Rxf5 Nf2+ 23. Rxf2 Bxf2 24. Qg4 Rf8 25. Qc4 Bd4 26. Qb3 Qc7 $6
({Missing a piece.} 26... Bxc3 27. bxc3 Qf2 {picks up the bishop because of
the mate threat.  If} 28. Bc4 Rad8 29. Bd3 Rxd3 {and there is no way out of
mate.}) 27. Rf1 $2 ({Much better would be moving the bishop out of harms way
with} 27. Bh5) 27... Rad8 28. Ne2 Bc5 29. Bg5 $2 ({White has to play} 29. Ng3 {
protecting the rook and allowing the bishop to come back to help.}) 29... Rd5
30. Qf3 Rd7 31. Qc3 Rfxf7 32. Rxf7 Rd1+ 0-1

[Event "Michigan Amateur"]
[Site "Kalamazoo, MI"]
[Date "2001.07.28"]
[Round "3.20"]
[White "Newhouse, Gregory"]
[Black "Dimon, Richard"]
[Result "1-0"]
[WhiteElo "1385"]
[BlackElo "1000"]
[PlyCount "73"]
[EventDate "2001.07.28"]

1. e4 e5 2. Nf3 Nc6 3. Bc4 Bc5 4. b4 Bxb4 5. c3 Bc5 6. d4 exd4 7. O-O dxc3 8.
Qd5 Qe7 9. Nxc3 Nf6 10. Qd3 O-O 11. Bb2 d6 12. Rfe1 Ng4 13. Nd5 Qd7 14. Nd4
Nxd4 15. Bxd4 Bxd4 16. Qxd4 c5 17. Qc3 Ne5 18. Qg3 Nxc4 19. Nf6+ Kh8 20. Nxd7
Bxd7 21. Rac1 Ne5 22. f4 Ng6 23. Red1 Bc6 24. Rxd6 Bxe4 25. Rxc5 a5 26. f5 Ne7
27. f6 gxf6 28. Rxf6 Rg8 29. Qe5 Rxg2+ 30. Kf1 Kg8 31. Qxe7 Rg7 32. Qxe4 Rd8
33. Ke2 Rf8 34. Rc7 b5 35. Qe7 a4 36. Rd7 a3 37. Rd8 1-0

[Event "Michigan Amateur"]
[Site "Kalamazoo, MI"]
[Date "2001.07.28"]
[Round "2.4"]
[White "Moore, Robert"]
[Black "Hamood, Al"]
[Result "0-1"]
[WhiteElo "1600"]
[BlackElo "1864"]
[PlyCount "28"]
[EventDate "2001.07.28"]

1. e4 c5 2. Nf3 e6 3. d4 cxd4 4. Nxd4 Nc6 5. Nc3 Qc7 6. Bd3 Nxd4 7. O-O a6 8.
a3 Bc5 9. Be3 Ne7 10. Re1 b5 11. Qg4 O-O 12. f4 f5 13. Qh4 Rf6 14. g4 Nf3+ 0-1

[Event "Universal Rated Swiss (July)"]
[Site "Warren, Mich."]
[Date "2001.07.28"]
[Round "3"]
[White "Moody, David"]
[Black "Massengale, John"]
[Result "1-0"]
[WhiteElo "1978"]
[BlackElo "1472"]
[PlyCount "43"]
[EventDate "2001.07.28"]

1. e4 b6 2. d4 Bb7 3. Bd3 e6 4. a3 d6 5. Nf3 Nf6 6. Nc3 Be7 7. Qe2 O-O 8. h4
Nbd7 9. Bg5 e5 10. dxe5 Nxe5 11. Nxe5 dxe5 12. O-O-O Qc8 13. Nd5 Nxd5 14. exd5
f6 15. Qe4 g6 16. Bh6 Rd8 17. h5 Bxd5 18. hxg6 Bxe4 19. Bc4+ Bd5 20. Rxd5 hxg6
21. Rxd8+ Kh7 22. Bf8+ 1-0

[Event "Universal Rated Swiss (July)"]
[Site "Warren, Mich."]
[Date "2001.07.28"]
[Round "1"]
[White "Moody, David"]
[Black "Johnson, Johnny"]
[Result "1-0"]
[WhiteElo "1978"]
[BlackElo "1476"]
[PlyCount "35"]
[EventDate "2001.07.28"]

1. e4 c6 2. d4 e6 3. Nf3 g6 4. Bg5 Qa5+ 5. c3 Bg7 6. Nbd2 b5 7. a4 Qb6 8. axb5
cxb5 9. Qb3 Ba6 10. e5 f5 11. d5 exd5 12. Qxd5 Qc6 13. Qb3 Qc5 14. e6 Nf6 15.
exd7+ Kxd7 16. O-O-O Nd5 17. Ne4 Qc6 18. Rxd5+ 1-0

[Event "Michigan Amateur"]
[Site "Kalamazoo, MI"]
[Date "2001.07.28"]
[Round "2.1"]
[White "LaForge, Tom"]
[Black "Farmand, Farnood"]
[Result "1-0"]
[WhiteElo "1978"]
[BlackElo "1658"]
[PlyCount "91"]
[EventDate "2001.07.28"]

1. e4 e5 2. Bc4 Nf6 3. d3 c6 4. Nf3 d5 5. Bb3 Bg4 6. h3 Bxf3 7. Qxf3 dxe4 8.
dxe4 Qc7 9. O-O Nbd7 10. c3 Bc5 11. Be3 Bxe3 12. Qxe3 O-O 13. Nd2 Rfe8 14. Rfd1
a5 15. a4 Rad8 16. Nc4 Nf8 17. f3 Ng6 18. g3 h6 19. Rxd8 Rxd8 20. Kg2 b5 21.
axb5 cxb5 22. Na3 b4 23. cxb4 axb4 24. Nc4 Qd7 25. Rd1 Qc7 26. Rd3 Rxd3 27.
Qxd3 Qc5 28. Nd6 Nh8 29. Nf5 Ng6 30. Nd6 Nh8 31. Nf5 Ng6 32. Ne3 Qc1 33. Qe2
Nf8 34. Nf5 Ne6 35. Bxe6 fxe6 36. Ne3 Nd7 37. Nc4 b3 38. Kf2 Nc5 39. Nxe5 Na4
40. Nd3 Qh1 41. Qf1 Qh2+ 42. Qg2 Qxg2+ 43. Kxg2 Kf7 44. Kf2 Kf6 45. Ke3 g6 46.
Kd4 1-0

[Event "Michigan Amateur"]
[Site "Kalamazoo, MI"]
[Date "2001.07.28"]
[Round "2.20"]
[White "LaFerriere, Adam"]
[Black "Newhouse, Gregory"]
[Result "1-0"]
[WhiteElo "1126"]
[BlackElo "1385"]
[PlyCount "73"]
[EventDate "2001.07.28"]

1. e4 e5 2. Nf3 Nc6 3. d4 exd4 4. Nxd4 Nf6 5. Bg5 Bc5 6. Nxc6 bxc6 7. Qf3 d6 8.
Bxf6 Qxf6 9. Qxf6 gxf6 10. g3 f5 11. Bg2 O-O 12. O-O fxe4 13. Bxe4 Bd7 14. Nc3
Rfe8 15. Bg2 Re7 16. Ne4 Bd4 17. c3 Bg7 18. Rfe1 Rae8 19. Kf1 f5 20. Nd2 Kf7
21. Rxe7+ Rxe7 22. Re1 Rxe1+ 23. Kxe1 Be6 24. Bxc6 Bxa2 25. Nf3 Kf6 26. Nd4 d5
27. Nb5 Ke6 28. Nxc7+ Kd6 29. Ne8+ Kxc6 30. Nxg7 Bb1 31. Kd2 Kc5 32. Kc1 Bd3
33. Ne6+ Kc4 34. Nf8 h5 35. Nd7 Be4 36. f3 Bd3 37. Ne5+ 1-0

[Event "Michigan Amateur"]
[Site "Kalamazoo, MI"]
[Date "2001.07.28"]
[Round "1.17"]
[White "LaFerriere, Adam"]
[Black "Croel, Duane"]
[Result "0-1"]
[WhiteElo "1126"]
[BlackElo "1642"]
[PlyCount "103"]
[EventDate "2001.07.28"]

1. e4 c5 2. Nc3 Nc6 3. f4 g6 4. d3 Bg7 5. Nf3 e6 6. Ng5 h6 7. Nf3 Nge7 8. Be3
d6 9. d4 Qb6 10. Nb5 O-O 11. c3 a6 12. Nxd6 Qxb2 13. Qc1 Qxc1+ 14. Rxc1 cxd4
15. cxd4 Rd8 16. e5 Nf5 17. Nxf5 gxf5 18. Be2 Nb4 19. a3 Nd5 20. Bd2 b5 21. O-O
Bf8 22. Ra1 Bb7 23. a4 b4 24. Rfb1 Rdc8 25. Rc1 Rxc1+ 26. Rxc1 Rc8 27. Bc4 Nc3
28. Bxc3 bxc3 29. Bb3 Ba3 30. Rc2 Be4 31. Ra2 Bc1 32. Ne1 Bxf4 33. Bc2 Be3+ 34.
Kf1 Bd5 35. Ra3 Bxd4 36. Nf3 Bxf3 37. gxf3 Bxe5 38. h3 Rd8 39. Ke1 Rd2 40. Ra2
Bg3+ 41. Kf1 Rf2+ 42. Kg1 Rxf3 43. Kg2 Re3 44. Bd1 Be1 45. Kf1 Bd2 46. Be2 a5
47. Rc2 e5 48. Kf2 Rxh3 49. Bf1 Re3 50. Be2 f4 51. Bb5 e4 52. Kg1 0-1

[Event "Michigan Amateur"]
[Site "Kalamazoo, MI"]
[Date "2001.07.28"]
[Round "3.18"]
[White "Krzyston, Joe"]
[Black "Vandivier, Don"]
[Result "0-1"]
[WhiteElo "775"]
[BlackElo "1860"]
[PlyCount "50"]
[EventDate "2001.07.28"]

1. e4 c5 2. Nf3 Nc6 3. d4 cxd4 4. Nxd4 g6 5. c3 Bg7 6. Nb5 a6 7. Nd6+ exd6 8.
Bc4 Qe7 9. O-O b5 10. Bd5 Nf6 11. Re1 Rb8 12. Bg5 h6 13. Nd2 hxg5 14. Nf3 Ne5
15. Bxf7+ Nxf7 16. e5 dxe5 17. Qd3 e4 18. Qd2 Bb7 19. b4 g4 20. Nd4 Qe5 21. f4
gxf3 22. Nxf3 Qh5 23. h3 Kf8 24. a4 exf3 25. gxf3 Qxh3 0-1

[Event "Michigan Amateur"]
[Site "Kalamazoo, MI"]
[Date "2001.07.28"]
[Round "1.23"]
[White "Krzyston, Joe"]
[Black "Kizer, Gerald"]
[Result "1-0"]
[WhiteElo "775"]
[BlackElo "1524"]
[PlyCount "107"]
[EventDate "2001.07.28"]

1. e4 d6 2. Nc3 g6 3. Bc4 Nf6 4. Nf3 Bg7 5. Bxf7+ Kxf7 6. e5 h6 7. O-O Rf8 8.
Qe2 Ng4 9. d4 Nc6 10. h3 Nxd4 11. Nxd4 Nxe5 12. f4 c5 13. fxe5+ Kg8 14. Nb3
Bxe5 15. Bxh6 Bg7 16. Bxg7 Kxg7 17. Nd5 e6 18. Ne3 Qc7 19. Ng4 Bd7 20. Qe3 Rh8
21. Qc3+ e5 22. Nf6 Be6 23. Nd2 d5 24. Qg3 Rac8 25. Nf3 e4 26. Qxc7+ Rxc7 27.
Ng5 Bf5 28. Nxd5 Rd7 29. Ne3 Kf6 30. Nxe4+ Kg7 31. Nxf5+ gxf5 32. Rxf5 Re8 33.
Nf6 Rf8 34. Nxd7 Rxf5 35. Rf1 Rd5 36. Nf6 Rd4 37. Nh5+ Kg6 38. Nf4+ Kh7 39. Nd3
c4 40. Rd1 cxd3 41. Rxd3 Re4 42. Rd7+ Kg6 43. Rxb7 a5 44. Rb6+ Kg5 45. Rb5+ Kf4
46. Kh2 a4 47. a3 Re2 48. Rb4+ Kf5 49. Rc4 Kg5 50. b3 axb3 51. cxb3 Re3 52. Rb4
Kf6 53. a4 Ke6 54. a5 1-0

[Event "Michigan Amateur"]
[Site "Kalamazoo, MI"]
[Date "2001.07.28"]
[Round "2.19"]
[White "Kilburn, Gregory"]
[Black "Robertson, John"]
[Result "0-1"]
[WhiteElo "1150"]
[BlackElo "1457"]
[PlyCount "78"]
[EventDate "2001.07.28"]

1. d4 Nf6 2. c4 e6 3. Nc3 d5 4. Nf3 Be7 5. e3 O-O 6. cxd5 exd5 7. Be2 c6 8. O-O
Bf5 9. Bd3 Bxd3 10. Qxd3 Nbd7 11. Bd2 Bd6 12. Ne2 Re8 13. Ng3 Ne4 14. Qe2 Ndf6
15. Nxe4 Nxe4 16. Bc3 f5 17. Nd2 Qh4 18. f4 Nxd2 19. Qxd2 Re6 20. Rf3 Rae8 21.
Rh3 Qe7 22. Re1 Bxf4 23. exf4 Rxe1+ 24. Qxe1 Qxe1+ 25. Bxe1 Rxe1+ 26. Kf2 Re4
27. Re3 Rxe3 28. Kxe3 Kf7 29. h3 Ke6 30. b4 b6 31. a3 Kd6 32. g4 g6 33. g5 c5
34. Kd3 a5 35. b5 cxd4 36. Kxd4 Ke6 37. a4 Kd6 38. Kc3 Kc5 39. Kd3 Kb4 0-1

[Event "Michigan Amateur"]
[Site "Kalamazoo, MI"]
[Date "2001.07.28"]
[Round "4.22"]
[White "Kilburn, Gregory"]
[Black "Krzyston, Joe"]
[Result "1-0"]
[WhiteElo "1150"]
[BlackElo "775"]
[PlyCount "47"]
[EventDate "2001.07.28"]

1. d4 d5 2. Nf3 Nc6 3. e3 Nf6 4. c4 e6 5. Nc3 Be7 6. Bd3 b6 7. O-O Bb7 8. cxd5
exd5 9. Qa4 a6 10. Ne5 O-O 11. Nxc6 Qd7 12. Nxe7+ Qxe7 13. Qc2 Rfd8 14. Bd2 Rd6
15. Rae1 h6 16. f3 Bc8 17. e4 Re6 18. e5 Nh5 19. g4 Qh4 20. gxh5 Qxd4+ 21. Kh1
Rxe5 22. Rxe5 f6 23. Re8+ Kf7 24. Bg6# 1-0

[Event "Michigan Amateur"]
[Site "Kalamazoo, MI"]
[Date "2001.07.28"]
[Round "1.15"]
[White "Kilburn, Gregory"]
[Black "Biondo, Anthony"]
[Result "0-1"]
[WhiteElo "1150"]
[BlackElo "1672"]
[PlyCount "102"]
[EventDate "2001.07.28"]

1. d4 d5 2. Nf3 e6 3. c4 Be7 4. Nc3 Nf6 5. e3 O-O 6. Be2 b6 7. O-O Bb7 8. Bd2
Nbd7 9. Qc2 c5 10. cxd5 Nxd5 11. a3 Rc8 12. Rac1 N7f6 13. Rfd1 Nxc3 14. Bxc3
Qc7 15. Qb1 Ng4 16. Ne5 Nxe5 17. dxe5 Bd5 18. Bg4 Qb7 19. Bh3 Rfd8 20. Rc2 Be4
21. Rxd8+ Rxd8 22. Bg4 Qa6 23. Qc1 Bxc2 24. Qxc2 Qd3 25. Qxd3 Rxd3 26. g3 Rd8
27. Be2 f6 28. Kg2 fxe5 29. Bxe5 Bf6 30. Bxf6 gxf6 31. Bc4 Kf7 32. a4 f5 33. b3
Kf6 34. h4 e5 35. Kf3 h6 36. Kg2 Rd7 37. Kf3 Rg7 38. Kg2 f4 39. exf4 exf4 40.
Bd5 Ke5 41. Bc4 Ke4 42. Be2 Rf7 43. Bc4 Rd7 44. Be6 Rd2 45. Bc4 Rb2 46. Be6 f3+
47. Kh3 Rxf2 48. Kg4 Rb2 49. Kh5 f2 50. Bc4 Rxb3 51. Kxh6 Rxg3 0-1

[Event "Michigan Amateur"]
[Site "Kalamazoo, MI"]
[Date "2001.07.28"]
[Round "4.21"]
[White "Kieliszewski, Greg"]
[Black "Jeromin, Mark"]
[Result "0-1"]
[WhiteElo "1218"]
[BlackElo "1006"]
[PlyCount "104"]
[EventDate "2001.07.28"]

1. e4 e6 2. d4 d5 3. Nd2 c5 4. c3 Nc6 5. Ndf3 a6 6. Bd3 c4 7. Bc2 Nf6 8. e5 Ne4
9. Bxe4 dxe4 10. Nd2 e3 11. fxe3 b5 12. Ngf3 Bb7 13. O-O Be7 14. b3 cxb3 15.
Nxb3 O-O 16. Bb2 Na7 17. Qd3 Bd5 18. e4 Bc4 19. Qe3 Bxf1 20. Kxf1 Nc8 21. a4
Nb6 22. axb5 Nc4 23. Qe2 axb5 24. Rb1 f5 25. exf5 Rxf5 26. Kg1 Qf8 27. Nfd2
Nxb2 28. Rxb2 b4 29. c4 Bh4 30. Nf3 Be7 31. c5 h6 32. Qc4 Qf7 33. Qxb4 Bh4 34.
Rb1 Bg5 35. Qc3 Qg6 36. Qd3 Raf8 37. Rd1 Be3+ 38. Kh1 Bf2 39. Qe2 Bg3 40. hxg3
Rh5+ 41. Kg1 Qxg3 42. Qf2 Rxf3 43. Qxf3 Qh2+ 44. Kf2 Rf5 45. c6 Rxf3+ 46. Kxf3
Qh5+ 47. g4 Qh3+ 48. Ke2 Qxb3 49. Rd3 Qc2+ 50. Rd2 Qxc6 51. Ke3 Qc1 52. Kd3 Qg1
0-1

[Event "Michigan Amateur"]
[Site "Kalamazoo, MI"]
[Date "2001.07.28"]
[Round "2.26"]
[White "Kieliszewski, Greg"]
[Black "Dudley, Vernon"]
[Result "1-0"]
[WhiteElo "1218"]
[BlackElo "868"]
[PlyCount "51"]
[EventDate "2001.07.28"]

1. e4 e5 2. Nf3 Nc6 3. Bb5 d6 4. O-O Bd7 5. c3 a6 6. Ba4 b5 7. Bc2 Nf6 8. Re1
Bg4 9. h3 Bh5 10. b4 Bg6 11. a4 d5 12. axb5 axb5 13. Rxa8 Qxa8 14. exd5 Nxd5
15. Bxg6 hxg6 16. Nxe5 Nxe5 17. Rxe5+ Ne7 18. Rxb5 Nc6 19. d4 Bd6 20. Qe2+ Ne7
21. c4 O-O 22. c5 Qa6 23. Qd3 Re8 24. cxd6 cxd6 25. Ra5 Qxa5 26. bxa5 1-0

[Event "Michigan Amateur"]
[Site "Kalamazoo, MI"]
[Date "2001.07.28"]
[Round "1.7"]
[White "Kahn, Aaron"]
[Black "Vandivier, Don"]
[Result "1/2-1/2"]
[WhiteElo "1317"]
[BlackElo "1860"]
[PlyCount "37"]
[EventDate "2001.07.28"]

1. e4 c5 2. Nf3 Nc6 3. d3 g6 4. g3 Bg7 5. Bg2 d6 6. O-O Bd7 7. c3 Qc8 8. Re1
Bh3 9. Bh1 h5 10. Nbd2 Bf6 11. Nb3 h4 12. d4 hxg3 13. fxg3 Bg4 14. Be3 cxd4 15.
cxd4 e5 16. d5 Bxf3 17. Bxf3 Nce7 18. Bg4 Qc4 19. Bf3 1/2-1/2

[Event "Michigan Amateur"]
[Site "Kalamazoo, MI"]
[Date "2001.07.28"]
[Round "3.6"]
[White "Kahn, Aaron"]
[Black "Grzegorczyk, Ron"]
[Result "0-1"]
[WhiteElo "1317"]
[BlackElo "1521"]
[PlyCount "58"]
[EventDate "2001.07.28"]

1. e4 c5 2. Nf3 Nc6 3. d3 e5 4. g3 d6 5. Bg2 Bg4 6. Nbd2 Nf6 7. c3 Be7 8. a3
O-O 9. O-O b5 10. b4 a5 11. bxa5 Nxa5 12. Re1 Re8 13. h3 Be6 14. Ng5 h6 15.
Nxe6 fxe6 16. Nb3 Qc7 17. Nxa5 Rxa5 18. Bd2 Rea8 19. Qb3 c4 20. Qb1 d5 21. exd5
exd5 22. f4 exf4 23. Bxf4 Bd6 24. Bxd6 Qxd6 25. d4 Qxg3 26. Qf5 Rxa3 27. Qe6+
Kh7 28. Rxa3 Rxa3 29. Re3 Ra1+ 0-1

[Event "Michigan Amateur"]
[Site "Kalamazoo, MI"]
[Date "2001.07.28"]
[Round "3.17"]
[White "Jeromin, Mark"]
[Black "Kizer, Gerald"]
[Result "0-1"]
[WhiteElo "1006"]
[BlackElo "1524"]
[PlyCount "102"]
[EventDate "2001.07.28"]

1. c4 Nf6 2. Nc3 e6 3. g3 c5 4. Bg2 Nc6 5. e3 Be7 6. Nf3 d6 7. O-O O-O 8. d4
Nb8 9. a3 Nbd7 10. d5 e5 11. Ne1 Nb6 12. b3 Nfd7 13. a4 a5 14. Qc2 Nb8 15. Be4
f5 16. Bg2 Na6 17. Na2 Bd7 18. Bd2 Nb4 19. Nxb4 axb4 20. Qc1 e4 21. f4 Bf6 22.
Ra2 Qe8 23. Qc2 Nxa4 24. bxa4 Bxa4 25. Qb1 b3 26. Ra3 b2 27. Bc3 Bxc3 28. Rxc3
b5 29. Qxb2 b4 30. Rc1 Bd7 31. Nc2 Ra4 32. Ra1 Qb8 33. Rxa4 Bxa4 34. Ra1 Bxc2
35. Qxc2 Qb7 36. Bf1 Ra8 37. Rxa8+ Qxa8 38. Qb2 Qa3 39. Qd2 b3 40. Qc3 Qa2 41.
Bd3 b2 42. Bc2 Qa1+ 43. Kg2 b1=Q 44. Bxb1 Qxc3 45. Bxe4 fxe4 46. Kh3 Qxe3 47.
Kg2 Qf3+ 48. Kg1 e3 49. h4 e2 50. Kh2 e1=Q 51. g4 Qef2# 0-1

[Event "Michigan Amateur"]
[Site "Kalamazoo, MI"]
[Date "2001.07.28"]
[Round "1.4"]
[White "Hobbs, Raymond"]
[Black "Saylor, Oliver"]
[Result "1-0"]
[WhiteElo "1903"]
[BlackElo "1348"]
[PlyCount "137"]
[EventDate "2001.07.28"]

1. d4 d5 2. c4 c6 3. Nc3 Nf6 4. Nf3 e6 5. Qc2 Bb4 6. Bg5 h6 7. Bxf6 Qxf6 8. e3
O-O 9. a3 Bd6 10. e4 e5 11. dxe5 Bxe5 12. Nxe5 Qxe5 13. cxd5 cxd5 14. Nxd5 Nc6
15. O-O-O Nd4 16. Qc3 Nc6 17. Qxe5 Nxe5 18. f4 Nc6 19. Bb5 Bg4 20. Rd2 Na5 21.
Kb1 Be6 22. f5 Bxd5 23. Rxd5 a6 24. Bd7 Nc4 25. Re1 Nb6 26. Rd4 Nxd7 27. Rxd7
b5 28. e5 g6 29. fxg6 fxg6 30. e6 Rfe8 31. Kc2 Rac8+ 32. Kd3 Rc6 33. e7 Kf7 34.
Kd4 Re6 35. Rxe6 Kxe6 36. Ra7 Rxe7 37. Rxa6+ Kf5 38. Rb6 Re5 39. Rxg6 Re4+ 40.
Kd3 Rh4 41. Rb6 Rxh2 42. Rxb5+ Kf4 43. Rb4+ Kg3 44. a4 Kxg2 45. a5 Rh3+ 46. Ke2
Rh5 47. Ra4 Rb5 48. b4 h5 49. Kd3 h4 50. Kc4 Rb8 51. Ra2+ Kg3 52. a6 h3 53. b5
h2 54. Rxh2 Rc8+ 55. Kb4 Kxh2 56. b6 Rc1 57. a7 Rb1+ 58. Kc5 Rc1+ 59. Kb5 Ra1
60. b7 Rb1+ 61. Kc6 Rc1+ 62. Kd5 Rd1+ 63. Ke5 Re1+ 64. Kf5 Rf1+ 65. Kg5 Ra1 66.
b8=Q+ Kg1 67. a8=Q Ra6 68. Qg3+ Kf1 69. Qaf3# 1-0

[Event "Michigan Amateur"]
[Site "Kalamazoo, MI"]
[Date "2001.07.28"]
[Round "3.9"]
[White "Hobbs, Raymond"]
[Black "Robertson, John"]
[Result "1-0"]
[WhiteElo "1903"]
[BlackElo "1457"]
[PlyCount "81"]
[EventDate "2001.07.28"]

1. d4 Nf6 2. c4 e6 3. Nf3 d5 4. Nc3 Be7 5. cxd5 exd5 6. Bf4 c6 7. e3 O-O 8. Bd3
Bg4 9. h3 Bxf3 10. Qxf3 Nbd7 11. a3 Re8 12. O-O Nf8 13. b4 Ng6 14. Bg3 Bd6 15.
Rfc1 Bxg3 16. Qxg3 a6 17. Ra2 Qe7 18. Na4 Ne4 19. Qg4 f5 20. Qxf5 Rf8 21. Qg4
Nxf2 22. Rxf2 Qxe3 23. Rcf1 Rxf2 24. Rxf2 Rf8 25. Qe2 Qxd4 26. Bxg6 hxg6 27.
Nc5 Rxf2 28. Qxf2 Qa1+ 29. Kh2 Qxa3 30. Qd4 Qc1 31. Nxb7 Qe1 32. Nc5 a5 33.
bxa5 Qe8 34. a6 Qb8+ 35. g3 Qb1 36. Qf2 d4 37. Ne6 Qf5 38. Qxf5 gxf5 39. Nxd4
c5 40. Nxf5 c4 41. a7 1-0

[Event "Universal Rated Swiss (July)"]
[Site "Warren, Mich."]
[Date "2001.07.28"]
[Round "2"]
[White "Herrshoff, Mstt"]
[Black "Moody, David"]
[Result "1-0"]
[WhiteElo "1713"]
[BlackElo "1978"]
[PlyCount "39"]
[EventDate "2001.07.28"]

1. c4 e5 2. g3 f5 3. Bg2 Nf6 4. Nc3 Be7 5. d3 O-O 6. e4 d6 7. Nge2 Nc6 8. O-O
Qe8 9. f4 Qh5 10. fxe5 dxe5 11. Nd5 Bc5+ 12. d4 Ng4 13. h3 Nxd4 14. Nxd4 Bxd4+
15. Be3 Bxe3+ 16. Nxe3 Qg5 17. Nxg4 fxg4 18. Qd5+ Be6 19. Qxe6+ Kh8 20. Qxg4
1-0

[Event "Michigan Amateur"]
[Site "Kalamazoo, MI"]
[Date "2001.07.28"]
[Round "3.3"]
[White "Hamood, Al"]
[Black "Biondo, Anthony"]
[Result "1-0"]
[WhiteElo "1864"]
[BlackElo "1672"]
[PlyCount "61"]
[EventDate "2001.07.28"]

1. e4 c5 2. Nf3 Nc6 3. Bd3 g6 4. c3 Bg7 5. O-O Nf6 6. Bc2 d5 7. e5 Ng8 8. d4
cxd4 9. cxd4 e6 10. Nc3 Nge7 11. Nb5 O-O 12. Nd6 Qb6 13. h4 Bd7 14. h5 Nc8 15.
Nxc8 Raxc8 16. Bg5 Rc7 17. Qd2 Rfc8 18. Bf6 Nxe5 19. dxe5 Rxc2 20. Qg5 Bf8 21.
Be7 Bxe7 22. Qxe7 Qd8 23. Qb4 a5 24. Qxb7 Rb8 25. Qa7 Rbxb2 26. Nd4 Rd2 27.
Rab1 Ba4 28. h6 Rxf2 29. Rxb2 Rxb2 30. Qxf7+ Kh8 31. Qg7# 1-0

[Event "Michigan Amateur"]
[Site "Kalamazoo, MI"]
[Date "2001.07.28"]
[Round "1.6"]
[White "Hamood, Al"]
[Black "Biondo, Albert"]
[Result "1-0"]
[WhiteElo "1864"]
[BlackElo "1325"]
[Annotator "Jeff Aldrich"]
[PlyCount "85"]
[EventDate "2001.07.28"]

{King's Indian: Schwarz (Accelerated Averbakh)} 1. d4 Nf6 2. c4 g6 3. Nc3 d6 4.
e4 Bg7 5. Bg5 c5 $6 {Black typically wants to be castled before playing this
break.} 6. dxc5 dxc5 7. Qxd8+ Kxd8 8. O-O-O+ Bd7 9. h3 Nc6 10. f4 Kc7 11. e5
Nh5 12. Nd5+ Kd8 13. g4 h6 $2 ({Good for black is} 13... Ng3 14. Rh2 Nxf1 15.
Rxf1) 14. gxh5 hxg5 15. hxg6 gxf4 16. Nf3 Nxe5 17. Nxe5 Bxe5 18. gxf7 Bd6 $6 (
18... Bd4 $15 19. Nxf4 Be3+) 19. Rg1 Be6 20. Rg7 f3 $6 ({Got to stop that
passed first with} 20... Rf8 {Now, white wins a rook and cruises to victory.})
21. Nf4 Kd7 22. Ng6 Bxf7 23. Nxh8 Bh5 24. Rh7 Be8 25. Nf7 Kc6 26. Nxd6 exd6 27.
Rh6 Rd8 28. Rf6 Bh5 29. Rf5 Rh8 30. Bd3 Bg6 31. Rxf3 Bh5 32. Be4+ Kc7 33. Rdf1
Bxf3 34. Rxf3 Re8 35. Bd5 Rh8 36. Rf7+ Kb6 37. Rxb7+ Ka6 38. Rb3 Rh4 39. Kc2
Rd4 40. Bb7+ Ka5 41. Rb5+ Ka4 42. b3+ Ka3 43. Ra5+ 1-0

[Event "Michigan Amateur"]
[Site "Kalamazoo, MI"]
[Date "2001.07.28"]
[Round "2.10"]
[White "Grzegorczyk, Ron"]
[Black "Spooner, Frank"]
[Result "1/2-1/2"]
[WhiteElo "1521"]
[BlackElo "1736"]
[PlyCount "105"]
[EventDate "2001.07.28"]

1. e4 c5 2. Nf3 e6 3. c4 a6 4. Nc3 Qc7 5. d3 g6 6. g3 Bg7 7. Bg2 Nc6 8. Be3 d6
9. O-O Nge7 10. Qc1 h6 11. a3 Nd4 12. Bxd4 cxd4 13. Ne2 Nc6 14. b4 Bd7 15. b5
Ne5 16. Nxe5 Bxe5 17. a4 Rc8 18. Qb2 axb5 19. axb5 Qb6 20. Rfc1 O-O 21. Qd2 Bg7
22. Ra2 e5 23. Rca1 Be6 24. Ra7 Qc7 25. Qa5 Qd7 26. Qb6 Rb8 27. Nc1 Bf6 28. Qa5
Kg7 29. Nb3 Bd8 30. Qd2 Bh3 31. f4 exf4 32. Qxf4 Bxg2 33. Kxg2 Bg5 34. Qf3 f5
35. Nxd4 Bf6 36. Nc6 fxe4 37. Qxe4 Rbe8 38. Ne5 Qf5 39. Rxb7+ Kg8 40. Qd5+ Qe6
41. Qxe6+ Rxe6 42. Nxg6 Bxa1 43. Nxf8 Kxf8 44. Kf3 Bd4 45. Rd7 Ke8 46. Rh7 Bc5
47. Kf4 Re5 48. g4 Kd8 49. h4 Kc8 50. Kf3 Re3+ 51. Kf4 Rxd3 52. Rxh6 Rd4+ 53.
Kf5 1/2-1/2

[Event "Michigan Amateur"]
[Site "Kalamazoo, MI"]
[Date "2001.07.28"]
[Round "1.20"]
[White "Griffin, John"]
[Black "Willett, Michael"]
[Result "1-0"]
[WhiteElo "1592"]
[BlackElo "993"]
[PlyCount "114"]
[EventDate "2001.07.28"]

1. d4 d5 2. c4 e6 3. Nf3 c6 4. e3 Nf6 5. Be2 Bd6 6. Nc3 Nbd7 7. Qc2 e5 8. dxe5
Nxe5 9. Nxe5 Bxe5 10. cxd5 Bxc3+ 11. bxc3 Nxd5 12. O-O O-O 13. Rd1 Qf6 14. Bb2
Qg5 15. Bd3 Nf6 16. f3 Qxe3+ 17. Qf2 Qxf2+ 18. Kxf2 Nd5 19. Re1 b5 20. g3 Bb7
21. Re2 a6 22. Rae1 c5 23. a3 c4 24. Be4 Rab8 25. Rd2 Nf6 26. Bxb7 Rxb7 27. Rd6
Rd7 28. Rxd7 Nxd7 29. Rd1 Ne5 30. Bc1 Nd3+ 31. Ke2 Nxc1+ 32. Rxc1 Re8+ 33. Kd2
Re5 34. Rf1 f6 35. Rf2 h6 36. Kc2 Kf7 37. f4 Re3 38. Kb2 a5 39. Rc2 Rd3 40. a4
bxa4 41. Ka3 Rd5 42. Kxa4 Kg6 43. g4 h5 44. h3 hxg4 45. hxg4 f5 46. Rg2 fxg4
47. Rxg4+ Kf5 48. Rg5+ Ke4 49. Rxg7 Kxf4 50. Rc7 Re5 51. Rxc4+ Re4 52. Rxe4+
Kxe4 53. Kxa5 Ke5 54. c4 Ke6 55. Kb6 Kd7 56. c5 Kc8 57. Kc6 Kb8 1-0

[Event "Michigan Amateur"]
[Site "Kalamazoo, MI"]
[Date "2001.07.28"]
[Round "1.13"]
[White "Feller, Brad"]
[Black "Blaine, Roger"]
[Result "0-1"]
[WhiteElo "1162"]
[BlackElo "1743"]
[PlyCount "72"]
[EventDate "2001.07.28"]

1. c4 e6 2. Nc3 f5 3. Nf3 Nf6 4. g3 b6 5. Bg2 Bb7 6. O-O Be7 7. a3 a5 8. d3 O-O
9. Be3 d6 10. Ng5 Bxg2 11. Nxe6 Qc8 12. Nxf8 Bxf1 13. Nxh7 Nxh7 14. Qxf1 Nc6
15. Qg2 Ne5 16. Nd5 Bf6 17. f4 Ng4 18. Bd4 Bxd4+ 19. Kf1 Kf8 20. Nxc7 Ne3+ 21.
Kf2 Nxg2+ 22. Kxg2 Qxc7 23. Rb1 g5 24. fxg5 Nxg5 25. h4 Qc6+ 26. Kh2 Nf7 27.
Rf1 Nh6 28. Kh3 Qd7 29. g4 Nxg4 30. Rf4 Nf2+ 31. Kg2 Qb7+ 32. Kg3 Qh1 33. Rxf5+
Ke7 34. Rxf2 Rg8+ 35. Kf4 Qg1 36. a4 Qg4# 0-1

[Event "Michigan Amateur"]
[Site "Kalamazoo, MI"]
[Date "2001.07.28"]
[Round "3.11"]
[White "Farmand, Farnood"]
[Black "Biondo, Albert"]
[Result "1-0"]
[WhiteElo "1658"]
[BlackElo "1325"]
[PlyCount "49"]
[EventDate "2001.07.28"]

1. c4 c5 2. Nf3 Nc6 3. e3 g6 4. Nc3 Bg7 5. Be2 Nf6 6. d4 cxd4 7. exd4 d6 8. d5
Nb4 9. Qa4+ Bd7 10. Qxb4 Qc7 11. O-O O-O 12. Bg5 a5 13. Qb3 a4 14. Qc2 Rfc8 15.
Bd3 b5 16. cxb5 Nxd5 17. Rac1 Nb4 18. Qe2 Bxc3 19. Rxc3 Qa5 20. Qxe7 Nd5 21.
Rxc8+ Bxc8 22. Qxd6 Be6 23. Bh6 Nf6 24. b6 Bd5 25. Qxf6 1-0